LEADER 01010nam1-22002891i-450- 001 990000130720403321 035 $a000013072 035 $aFED01000013072 035 $a(Aleph)000013072FED01 035 $a000013072 100 $a20011111d--------km-y0itay50------ba 101 0 $aita 105 $ay-------001yy 200 1 $a<>acquedotto di Napoli$estoria e descrizione ragionata dell'opera preceduta da uno studio sulla relativa diramazionesecondaria dell'Appennino e sulle acque in generale$fdi Francesco Verneau$gopera postuma pubblicata a spese ed a cura di Eduardo Verneau. 210 $aNapoli$cB. Pellerano$d1907- 215 $av.$d37x55 cm 463 \1$1001990000171660503321$12001 $aAtlante. 16 tav. : ill. 676 $a628.109 457 3 700 1$aVerneau,$bFrancesco$07266 702 1$aVerneau,$bEduardo 801 0$aIT$bUNINA$gRICA$2UNIMARC 901 $aBK 912 $a990000130720403321 959 $aFINBC 996 $aAcquedotto di Napoli$9113795 997 $aUNINA DB $aING01 LEADER 03443nam 22008175 450 001 9910743389303321 005 20251113193344.0 010 $a981-16-9246-7 010 $a981-16-9247-5 010 $a981-16-9247-5 024 7 $a10.1007/978-981-16-9247-5 035 $a(MiAaPQ)EBC6852349 035 $a(Au-PeEL)EBL6852349 035 $a(CKB)20667504500041 035 $a(OCoLC)1292032517 035 $a(BIP)082452597 035 $a(PPN)269154175 035 $a(DE-He213)978-981-16-9247-5 035 $a(EXLCZ)9920667504500041 100 $a20220111d2022 u| 0 101 0 $aeng 135 $aurcnu|||||||| 181 $ctxt$2rdacontent 182 $cc$2rdamedia 183 $acr$2rdacarrier 200 10$aCognitive Systems and Information Processing $e6th International Conference, ICCSIP 2021, Suzhou, China, November 20?21, 2021, Revised Selected Papers /$fedited by Fuchun Sun, Dewen Hu, Stefan Wermter, Lei Yang, Huaping Liu, Bin Fang 205 $a1st ed. 2022. 210 1$aSingapore :$cSpringer Nature Singapore :$cImprint: Springer,$d2022. 215 $a1 online resource (555 pages) 225 1 $aCommunications in Computer and Information Science,$x1865-0937 ;$v1515 311 08$aPrint version: Sun, Fuchun Cognitive Systems and Information Processing Singapore : Springer Singapore Pte. Limited,c2022 9789811692468 320 $aIncludes bibliographical references and index. 327 $aAlgorithm -- Vision -- Robotics and Application. 330 $aThis book constitutes the refereed post-conference proceedings of the 6th International Conference on Cognitive Systems and Signal Processing, ICCSIP 2021, held in Suzhou, China, in November 2021. The 41 revised papers presented were carefully reviewed and selected from 105 submissions. The papers are organized in topical sections on algorithm; vision; and robotics and application. 410 0$aCommunications in Computer and Information Science,$x1865-0937 ;$v1515 606 $aArtificial intelligence 606 $aImage processing$xDigital techniques 606 $aComputer vision 606 $aComputer engineering 606 $aComputer networks 606 $aComputers, Special purpose 606 $aArtificial Intelligence 606 $aComputer Imaging, Vision, Pattern Recognition and Graphics 606 $aComputer Engineering and Networks 606 $aComputer Engineering and Networks 606 $aSpecial Purpose and Application-Based Systems 615 0$aArtificial intelligence. 615 0$aImage processing$xDigital techniques. 615 0$aComputer vision. 615 0$aComputer engineering. 615 0$aComputer networks. 615 0$aComputers, Special purpose. 615 14$aArtificial Intelligence. 615 24$aComputer Imaging, Vision, Pattern Recognition and Graphics. 615 24$aComputer Engineering and Networks. 615 24$aComputer Engineering and Networks. 615 24$aSpecial Purpose and Application-Based Systems. 676 $a006.3 702 $aSun$b Fuchun$4edt 702 $aHu$b Dewen$4edt 702 $aWermter$b Stefan$4edt 702 $aYang$b Lei$4edt 702 $aLiu$b Huaping$4edt 702 $aFang$b Bin$4edt 801 0$bMiAaPQ 801 1$bMiAaPQ 801 2$bMiAaPQ 906 $aBOOK 912 $a9910743389303321 996 $aCognitive systems and information processing$92787159 997 $aUNINA